000 00896nam a2200181 i 4500
001 185267
003 ES-MaACL
005 20230906222401.0
008 160503s1890 cu |||| | spa d
110 2 _aLiga de Comerciantes Importadores de la Isla de Cuba.
_9159472
245 1 0 _aReglamento de la Liga de Comerciantes Importadores de la Isla de Cuba con domicilio en La Habana :
_baprobado en junta general de asociados celebrada el 22 de julio de 1890.
260 _a[S.l.] :
_b[s.n.],
_c1890 (
_eHabana :
_fEstab. Tip., calle de O'Reilly 9)
300 _a26 p. ;
_c20 cm.
530 _aDisponible en formato digital.
610 2 4 _aLiga de Comerciantes Importadores de la Isla de Cuba-
_vReglamentos.
_9159473
852 _aES-MaACL
_jT-587-F-3
_z.- Enc. en un vol. facticio con la cub. original
856 _uhttp://bdh-rd.bne.es/viewer.vm?id=0000085734&page=1
_zBiblioteca Digital Hispánica
999 _c185267
_d185267